000 02446nam a2200721 cc4500
001 1349264547
003 DE-101
005 20250930111351.0
007 tu
008 241125s2025 gw ||||| |||| 00||||ger
015 _a24,N49
_2dnb
016 7 _2DE-101
_a1349264547
020 _a9783741642067
_cBroschur : EUR 10.00 (DE), EUR 10.30 (AT)
020 _a3741642061
024 3 _a9783741642067
035 _a(DE-599)DNB1349264547
035 _a(OCoLC)1474973133
040 _a1245
_bger
_cDE-101
_d9999
_erda
041 _ager
_hjpn
044 _cXA-DE-BW
082 7 4 _a741.5
_qDE-101
_223sdnb
100 0 _0(DE-588)1333855117
_0https://d-nb.info/gnd/1333855117
_0(DE-101)1333855117
_aRoji
_eVerfasser
_4aut
_2gnd
245 1 0 _aMein Leben mit Papa und Papa
_n2
_cRoji
250 _a1. Auflage
264 3 1 _aStuttgart
_bPanini Manga
_c[2025]
300 _acirca 176 Seiten
_c217 g
336 _aText
_btxt
_2rdacontent
336 _aunbewegtes Bild
_bsti
_2rdacontent
337 _aohne Hilfsmittel zu benutzen
_bn
_2rdamedia
338 _aBand
_bnc
_2rdacarrier
653 _a(Produktform)Paperback / softback
653 _a(Zielgruppe)ab 16 Jahre
653 _a(Lesealter)ab 16 Jahre
653 _a(Produktform (spezifisch))Unflipped manga format
653 _aI can't stand being your Childhood Friend
653 _aRomance
653 _aMangas
653 _aLGBTQIA+
653 _aLass meine Hand nicht los
653 _aQueer
653 _aKneel Down and Ask for Love
653 _aSlice of life
653 _aLGBTQ
653 _aBaby
653 _af25
653 _aManga
653 _aShounen Ai
653 _aTherapy Game
653 _aPanini
653 _aShonen Ai
653 _aBoys Love
653 _aFamilie
653 _aYaoi
653 _a(VLB-WN)1182: Hardcover, Softcover / Belletristik/Comic, Cartoon, Humor, Satire/Manga, Manhwa
655 7 _0(DE-588)4010427-8
_0https://d-nb.info/gnd/4010427-8
_0(DE-101)040104273
_aComic
_2gnd-content
700 1 _81\p
_aRusch, Benjamin
_eÜbersetzer
_4trl
773 0 8 _q12
_w(DE-101)1333855400
787 0 8 _iIn Beziehung stehende Ressource
_z9783741638107
856 4 2 _mX:MVB
_qtext/html
_uhttp://deposit.dnb.de/cgi-bin/dokserv?id=44a3c52e69f84beb994c45d75ba06765&prov=M&dok_var=1&dok_ext=htm
_3Inhaltstext
883 1 _81\p
_avlb
_d20241125
_qDE-101
_uhttps://d-nb.info/provenance/plan#vlb
942 _2ddc
_cMGA
_n0
999 _c1356
_d1356